000 00959nam a2200217 i 4500
001 185806
003 ES-MaACL
005 20250827062643.0
008 160811s1869 sp |||| | spa d
110 1 _aEspaña
_93622
130 1 _a[Leyes, etc. forestales]
_9135447
245 1 0 _aColección de leyes, decretos y demás disposiciones de interés general, relativas al servicio, así facultativo como administrativo, del ramo de montes :
_bexpedidas desde 22 de diciembre de 1833 hasta 31 de diciembre de 1868.
260 _a[S.l.] :
_b[s.n.],
_c1869 (
_eMadrid :
_fImp. del Colegio Nacional de Sordo-Mudos y de Ciegos)
300 _aLI, 462 p. ;
_c26 cm.
530 _aDisponible en formato digital.
650 7 _aDerecho forestal-
_zEspaña
_2
_9148105
852 _aES-MaACL
_jG-15496
852 _aES-MaACL
_jB-9889
856 _uhttp://bdh-rd.bne.es/viewer.vm?id=0000065608&page=1
_zBiblioteca Digital Hispánica
999 _c185806
_d185806